Statistics for Andorra Country Quiz

Click here to take the quiz!

General Stats

  • This quiz has been taken 9,677 times
    (9,503 since last reset)
  • The average score is 12 of 15

Answer Stats

HintAnswer% Correct
Countries that border AndorraSpain
98%
Countries that border AndorraFrance
98%
Capital of AndorraAndorra la {Vella}
94%
Currency used in AndorraEuro
93%
Number of Olympic medals that Andorra has won in its historyZero
92%
Andorra is situated entirely within this mountain rangePyrenees
88%
... which explains why it is the country with the highest average _______ in EuropeElevation
88%
Industry which accounts for about 80% of GDPTourism
80%
Due to a legal oversight, Andorra was technically at war with this
country from 1914–1958
Germany
78%
Official language of AndorraCatalan
75%
Grandvalira is this type of resortSki Resort
75%
Frankish king considered to be the founder of what is today known as AndorraCharlemagne
59%
Full English-language name of Andorra{Principality} of Andorra
55%
One of two co-princes of Andorra{President} of France
44%
One of two co-princes of Andorra{Bishop} of Urgell
34%

Score Distribution

Percentile by Number Answered

Percent of People with Each Score

Your Score History

You have not taken this quiz since the last reset